[Event "EU-ch U12 27th"]
[Site "Mamaia"]
[Date "2017.09.05"]
[Round "1"]
[White "Mochalin, Faddey"]
[Black "Tonnesen, Rasmus Emil Ryder"]
[Result "1-0"]
[WhiteElo "2052"]
[BlackElo "1660"]
[PlyCount "57"]
[EventDate "2017.09.05"]
[EventType "swiss"]
[EventRounds "9"]
[EventCountry "ROU"]
[SourceTitle "CBM 180 Extra"]
[Source "ChessBase"]
[SourceDate "2017.10.06"]
[SourceVersion "1"]
[SourceVersionDate "2017.10.06"]
[SourceQuality "1"]

1. d4 d5 2. c4 e6 3. Nc3 Nf6 4. cxd5 exd5 5. Bg5 Be7 6. e3 Nbd7 7. Qc2 c6 8. Bd3 h6 9. Bh4 0-0 10. Nge2 b6 11. 0-0 Bb7 12. Rad1 Rc8 13. f3 c5 14. dxc5 Bxc5 15. Nd4 Re8 16. Rfe1 Bxd4 17. exd4 Rxe1+ 18. Rxe1 Nf8 19. Bf5 Rc4 20. Qd2 Qd6 21. b3 Rc6 22. Nb5 Qb8 23. Bg3 Qa8 24. Re7 Ng6 25. Bxg6 fxg6 26. Be5 a6 27. Nd6 Bc8 28. Bxf6 Rxd6 29. Rxg7+ 1-0